| Tag |
First Indicator |
Second Indicator |
Subfields |
| LEADER |
00000nam a2200000 a 4500 |
| 001 |
in00004755713 |
| 006 |
m|||||o||d|||||||| |
| 007 |
cr ||||||||||| |
| 008 |
120419s2009 cau fo| 001|0|eng|d |
| 005 |
20231120173750.4 |
| 020 |
|
|
|a 9781452219004 (ebook) :
|c No price
|
| 035 |
|
|
|a (OCoLC)1007858008
|
| 035 |
|
|
|a (StDuBDS)EDZ0000077427
|
| 040 |
|
|
|a StDuBDS
|b eng
|c StDuBDS
|e pn
|
| 050 |
|
0 |
|a LB2831.652
|b .R44 2009
|
| 082 |
0 |
4 |
|a 371.201
|2 23
|
| 100 |
1 |
|
|a Reeves, Douglas B.,
|d 1953-
|
| 245 |
1 |
0 |
|a Assessing educational leaders :
|b evaluating performance for improved individual and organizational results /
|c Douglas B. Reeves.
|
| 250 |
|
|
|a 2nd ed.
|
| 260 |
|
|
|a Thousand Oaks, Calif. ;
|a London :
|b Corwin,
|c 2009.
|
| 300 |
|
|
|a 1 online resource (xvii, 221 pages)
|
| 336 |
|
|
|a text
|b txt
|2 rdacontent
|
| 337 |
|
|
|a computer
|b c
|2 rdamedia
|
| 338 |
|
|
|a online resource
|b cr
|2 rdacarrier
|
| 520 |
8 |
|
|a This book focuses on three critical concepts: leadership has a dramatic impact on student achievement, equity, and staff morale; leadership effectiveness includes both personal predispositions and acquired knowledge skills; and leadership evaluation is intended to improve personal and organizational performance, not merely to render an assessment.
|
| 521 |
|
|
|a Specialized.
|
| 588 |
|
|
|a Description based on print version record.
|
| 504 |
|
|
|a Includes bibliographical references and index.
|
| 650 |
|
0 |
|a School administrators
|x Rating of
|z United States.
|
| 650 |
|
0 |
|a Educational leadership
|z United States.
|
| 655 |
|
7 |
|a Electronic books.
|2 local
|
| 710 |
2 |
|
|a Sage Publications.
|
| 776 |
0 |
8 |
|i Print version :
|z 9781412951180
|
| 856 |
4 |
0 |
|u http://proxy.library.tamu.edu/login?url=https://sk.sagepub.com/books/assessing-educational-leaders-2e
|z Connect to the full text of this electronic book
|t 0
|
| 955 |
|
|
|a SAGE Knowledge
|
| 999 |
f |
f |
|s 070f54f0-e9c3-4474-864f-9faef9937390
|i 378588a2-d878-4d09-88cd-94e2727bac90
|t 0
|
| 952 |
f |
f |
|a Texas A&M University
|b College Station
|c Electronic Resources
|d Available Online
|t 0
|e LB2831.652 .R44 2009
|h Library of Congress classification
|
| 998 |
f |
f |
|a LB2831.652 .R44 2009
|t 0
|l Available Online
|